| 000 | 01362nam0a22002891 4500 | ||
|---|---|---|---|
| 001 | rc\2804070 | ||
| 005 | 20250806210453.0 | ||
| 035 | _a(NLR Aleph) 006930051 | ||
| 090 |
_a35387 _c35387 |
||
| 100 | _a20110915d1944 u y0rusy50 ca | ||
| 101 | 0 | _arus | |
| 102 | _aRU | ||
| 105 | _aa z ||||| | ||
| 200 | 1 |
_aИспользование кирпичного боя в восстановительном строительстве _eТехнология и конструкции _fА. В. Волженский, С. М. Жак, М. П. Элинзон _gПод руководством чл.-корр. Акад. архитектуры СССР Г. Ф. Кузнецова _gАкад. архитектуры СССР. Ин-т строит. техники |
|
| 210 |
_aМосква _cИзд-во Акад. архитектуры СССР _d1944 _gтип. "Известий" |
||
| 215 |
_a100 с. _cчерт. _d25 см. |
||
| 700 | 1 |
_aВолженский _bА.В. _f1899- _gАлександр Васильевич |
|
| 701 | 1 |
_aЭлинзон _bМ.П. _gМарк Петрович |
|
| 701 | 1 |
_aЖак _bС.М. |
|
| 702 | 1 |
_aКузнецов _bГ.Ф. _4570 |
|
| 801 | 0 |
_aRU _bNLR _gpsbo |
|
| 801 | 1 |
_aRU _bELAR _2rusmarc |
|
| 852 |
_aNLR _jТ80 Г-7/43 |
||
| 942 | _cBOOK | ||
| 945 | _aРоссийская национальная библиотека | ||
| 980 | _aNB | ||
| 980 | _aBV | ||